000 00510nam a2200181 a 4500
005 20140311163001.0
008 020824s19uu xx 00 eng d
020 _a9789718558362
050 _aLB 1051
_b.T819 1998
100 _aTria, Geraldine E.
245 _aPsychology of learning /
_cGeraldine E. Tria.
260 _aManila, Phillipines :
_bPopular Boostore,
_c1998.
300 _a146 p. :
_c23 cm.
521 _aPSYCH
650 _aLearning, psychology of
942 _cBK
_2lcc
_kLOC
999 _c39214
_d39214